The spirituality of music / (Record no. 128740)

MARC details
000 -LEADER
fixed length control field 00682nam a22002177a 4500
005 - DATE AND TIME OF LATEST TRANSACTION
control field 20170124110044.0
010 ## - LIBRARY OF CONGRESS CONTROL NUMBER
LC control number B-058554
020 ## - INTERNATIONAL STANDARD BOOK NUMBER
Terms of availability 00.00
International Standard Book Number 8176482498
035 ## - SYSTEM CONTROL NUMBER
System control number B-058554
037 ## - SOURCE OF ACQUISITION
Source of stock number/acquisition Cen Lib/Ret
040 ## - CATALOGING SOURCE
Original cataloging agency DPL
Language of cataloging EN
082 ## - DEWEY DECIMAL CLASSIFICATION NUMBER
Classification number 781.7
Item number THI
100 ## - MAIN ENTRY--PERSONAL NAME
Personal name Thielemann, Selina
9 (RLIN) 24279
245 ## - TITLE STATEMENT
Title The spirituality of music /
Statement of responsibility, etc by Selina Thielemann
260 ## - PUBLICATION, DISTRIBUTION, ETC. (IMPRINT)
Place of publication, distribution, etc New Delhi
Name of publisher, distributor, etc A. P. H. Publishing Corporation
Date of publication, distribution, etc 2001
270 ## - ADDRESS
Address 5, Ansari Road, Darya Ganj
City New Delhi
Postal code 110002
300 ## - PHYSICAL DESCRIPTION
Extent 218p.
Dimensions 25cm(Hb)
650 ## - SUBJECT ADDED ENTRY--TOPICAL TERM
Topical term or geographic name as entry element Music -- Religious aspects
9 (RLIN) 24280
650 ## - SUBJECT ADDED ENTRY--TOPICAL TERM
Topical term or geographic name as entry element Music -- Philosophy and aesthetics
9 (RLIN) 24281
942 ## - ADDED ENTRY ELEMENTS (KOHA)
Source of classification or shelving scheme Dewey Decimal Classification
Koha item type English Books
Classification part 781.7
Call number suffix THI
Holdings
Withdrawn status Lost status Damaged status Not for loan Home library Current library Date acquired Source of acquisition Cost, normal purchase price Total Checkouts Total Renewals Full call number Barcode Date last seen Date checked out Copy number Cost, replacement price Price effective from Koha item type
        Central Library Central Library 03/07/2015 Cen Lib/Ret 0.00 2 1 781.7 THI B-058554 05/10/2021 30/03/2021 1 0.00 03/07/2015 English Books

© Delhi Public Library
Hit Counter
free hit counter